Komunikační mix obchodních jednotek

Saved in:
Bibliographic Details
Main Author Bartáková, Jana (Dissertant)
Other Authors Juříková, Martina (Thesis advisor)
Format Manuscript Book
LanguageCzech
Published 2009
Subjects
Online AccessPlný text v Digitální knihovně UTB
Physical Description54 s, 4 s.obr.,6 s.graf příloh

Cover

LEADER 00000ntm a22000007u 4500
001 zp10648
041 |a cze 
100 1 |a Bartáková, Jana  |4 dis 
245 1 0 |a Komunikační mix obchodních jednotek 
246 |a Communication mix of retail units 
260 |c 2009 
300 |a 54 s, 4 s.obr.,6 s.graf příloh 
500 |a Studijní obor: Marketingové komunikace 
500 |a Studijní obor: Marketing Communications 
500 |a Ústav: Ústav marketingových komunikací 
500 |a Univerzita Tomáše Bati ve Zlíně. Fakulta multimediálních komunikací 
500 |a Tomas Bata University in Zlín. Faculty of Multimedia Communications 
506 |a Bez omezení 
653 |a Komunikační mix 
653 |a produktová reklama 
653 |a marketingové výzkumy 
653 |a podpora prodeje 
653 |a psychologie v reklamě 
653 |a Communication mix 
653 |a product advertising 
653 |a marketing research 
653 |a sales support 
653 |a psychology in advertising 
655 4 |a bakalářská práce 
700 1 |a Juříková, Martina  |4 ths 
710 2 |a Univerzita Tomáše Bati ve Zlíně. Fakulta multimediálních komunikací  |4 dgg 
710 2 |a Tomas Bata University in Zlín. Faculty of Multimedia Communications  |4 dgg 
856 4 0 |u http://hdl.handle.net/10563/8390  |y Plný text v Digitální knihovně UTB